[Event "Linares op"]
[Site "Linares"]
[Date "1995.??.??"]
[Round "?"]
[White "San Segundo, Pablo"]
[Black "Gurevich, Dmitry"]
[Result "1/2-1/2"]
[WhiteElo "2480"]
[BlackElo "2530"]

1.d4 d5 2.c4 c6 3.Nf3 Nf6 4.Nc3 e6 5.e3 Nbd7 6.Bd3 dxc4 7.Bxc4 b5 8.Bd3 a6
9.e4 c5 10.e5 cxd4 11.Ne4 Nd5 12.O-O Qc7 13.Bg5 Nxe5 14.Nxe5 Qxe5 15.Re1 Qc7
16.Rc1 Qd7 17.Bb1 Bb4 18.Qxd4 O-O 19.Nf6+ Nxf6 20.Qxb4 Rd8 21.Bxf6 gxf6 22.Rc3 Qd4
23.Qa3 b4 24.Rg3+ Kf8 25.Qf3 Ra7 26.Qh5 Qd2 27.Qc5+ Re7 28.Rf1 f5 29.Rb3 a5
30.Qxa5 Rd4 31.Qe5 Rg4 32.Rd3 Qg5 33.Qh8+ Qg8 34.Qxg8+ Rxg8 35.Rc1 Bb7 36.Rd8+ Kg7
37.Rxg8+ Kxg8 38.Rd1 Rc7 39.f3 Kg7 40.Kf2 Bd5 41.Bxf5 Bxa2 42.Bd3 f5  1/2-1/2

[Event "Linares zt"]
[Site "Linares"]
[Date "1995.??.??"]
[Round "1"]
[White "Illescas Cordoba, Miguel"]
[Black "Prie, Eric"]
[Result "1/2-1/2"]
[WhiteElo "2620"]
[BlackElo "2480"]

1.d4 d5 2.c4 c6 3.Nf3 Nf6 4.Nc3 e6 5.e3 Nbd7 6.Bd3 Bd6 7.e4 dxe4 8.Nxe4 Nxe4
9.Bxe4 Bb4+ 10.Bd2 Bxd2+ 11.Qxd2 c5 12.O-O-O Qc7 13.d5 exd5 14.cxd5 Qd6 15.Bc2 O-O
16.Rhe1 Nf6 17.Ne5 Bg4 18.f3 Bh5 19.g4 Bg6 20.Bxg6 hxg6 21.g5 Nd7 22.Nc4 Qa6
23.b3 Nb6 24.Qa5 Rfd8 25.Qxa6 bxa6 26.d6 Kf8 27.Ne5 Rac8 28.Re4 Nd7 29.Rh4 Kg8
30.f4 Nf8 31.d7 Rc7 32.Rd6 Nxd7 33.Rh3 f6 34.gxf6 gxf6 35.Nxg6 Kg7 36.Ne7 Re8
37.Nd5 Rb7 38.Re3 Rxe3 39.Nxe3 Nb6 40.Kd2 Kg6 41.Ke2 Rh7 42.Nf1 Rh3 43.Kf2 a5
44.Rc6 a4 45.bxa4 Ra3 46.Rxc5 Nxa4 47.Rc6 Nb6  1/2-1/2

[Event "Linares zt"]
[Site "Linares"]
[Date "1995.??.??"]
[Round "4"]
[White "San Segundo, Pablo"]
[Black "Antunes, Antonio"]
[Result "1/2-1/2"]
[WhiteElo "2520"]
[BlackElo "2530"]

1.d4 d5 2.c4 c6 3.Nc3 Nf6 4.e3 e6 5.Nf3 Nbd7 6.Bd3 dxc4 7.Bxc4 b5 8.Bd3 b4
9.Ne4 Be7 10.O-O O-O 11.Nxf6+ Nxf6 12.e4 Bb7 13.e5 Nd7 14.Be4 Rb8 15.Qc2 h6
16.Be3 c5 17.Bxb7 Rxb7 18.Rfd1 Qc8 19.dxc5 Nxc5 20.Rac1 Rd8 21.Rxd8+ Qxd8
22.Qc4 Nd3 23.Rb1 Bf8 24.h3 Rd7 25.Bd4 Nf4 26.Kh2 Rc7 27.Qb5 Qd5 28.a4 Qxb5
29.axb5 Rb7 30.Ra1 Rxb5 31.Rxa7 g5 32.g3 Nd3 33.Rc7 Bg7 34.Rc4 Kh7 35.Kg2 Kg6
36.Kf1 b3 37.Bc3 h5 38.Re4 Rc5 39.Re3 Rd5 40.Bd4 Nc5 41.Bxc5 Rxc5 42.Rxb3 Bxe5
43.Nxe5+ Rxe5 44.Rb8 Re4 45.Kg2 h4 46.g4 Rd4 47.Rb5 Rd3 48.Kh2 Kf6  1/2-1/2

[Event "Linares zt"]
[Site "Linares"]
[Date "1995.??.??"]
[Round "4"]
[White "Gomez Esteban, Juan Mario"]
[Black "Kelly, Bryan"]
[Result "1-0"]
[WhiteElo "2425"]
[BlackElo "2300"]

1.d4 d5 2.c4 c6 3.Nc3 Nf6 4.Nf3 e6 5.e3 Nbd7 6.Be2 Bd6 7.O-O O-O 8.Qc2 dxc4
9.Bxc4 b5 10.Bd3 Bb7 11.Rd1 Qe7 12.e4 e5 13.Ne2 c5 14.Ng3 g6 15.dxe5 Nxe5
16.Bxb5 Nxf3+ 17.gxf3 Qc7 18.Bg5 Ne8 19.Rac1 Qb6 20.Bc4 Ng7 21.Qb3 Be5 22.Rd7 Qxb3
23.Bxb3 Bc8 24.Rd2 Ne6 25.Bxe6 Bxe6 26.Rxc5 Bxg3 27.hxg3 Bxa2 28.Bf6 Rfc8
29.Ra5 Be6 30.g4 Kf8 31.Kg2 Rc7 32.Kg3 Rd7 33.Rc2 Rb7 34.f4 Rb6 35.Rc7 a6
36.f5 Rc8 37.Rd5  1-0

[Event "Linares zt"]
[Site "Linares"]
[Date "1995.??.??"]
[Round "10"]
[White "Wells, Peter K"]
[Black "Antunes, Antonio"]
[Result "1-0"]
[WhiteElo "2545"]
[BlackElo "2530"]

1.d4 d5 2.c4 c6 3.Nf3 Nf6 4.Nc3 e6 5.e3 Nbd7 6.Qc2 Bd6 7.g4 dxc4 8.Bxc4 b6
9.e4 e5 10.h3 Bb7 11.Be3 Qe7 12.O-O-O O-O-O 13.Be2 Kb8 14.g5 Ne8 15.Kb1 Nc7
16.dxe5 Nxe5 17.Nh4 g6 18.f4 Nd7 19.Nf3 Rhe8 20.e5 Bc5 21.Bc1 Nd5 22.Qb3 Nxc3+
23.Qxc3 Nf8 24.a3 a5 25.Bd3 Ne6 26.Be4 Nc7 27.Be3 Nb5 28.Qc1 Bxe3 29.Qxe3 c5
30.Rhe1 Rxd1+ 31.Rxd1 Rd8 32.Rxd8+ Qxd8 33.Bxb7 Kxb7 34.Qe4+ Ka7 35.Kc2 Qd7
36.a4 Nd4+ 37.Nxd4 Qxa4+ 38.Kd3 Qd1+ 39.Kc4 Qa4+ 40.Kd3 Qd1+ 41.Kc4 cxd4
42.Qxd4 Qf1+ 43.Kd5 Qxh3 44.Kd6 Qe6+ 45.Kc7 Ka6 46.Qd3+ b5 47.Qd6+ Ka7 48.Qxe6 fxe6
49.Kd6 a4 50.Kxe6 b4 51.Kf7 a3 52.bxa3 bxa3 53.e6 a2 54.e7 a1=Q 55.e8=Q Qh1
56.Kg8 Qh4 57.Qf7+ Ka6 58.Qxh7 Qxf4 59.Qxg6+ Ka5 60.Qf6 Qc4+ 61.Kh7 Qc7+
62.Kh6 Qh2+ 63.Kg6 Ka4 64.Qc6+ Ka3 65.Qc3+ Ka4 66.Kg7 Qd6 67.Qc4+ Ka3 68.g6 Qe5+
69.Kg8 Qb8+ 70.Kf7 Qa7+ 71.Ke8 Qe3+ 72.Kf8 Qf3+ 73.Qf7 Qa8+ 74.Kg7 Qe4 75.Kg8 Kb2
76.Qf6+ Kc1 77.g7 Kb1 78.Qf1+ Kb2 79.Qb5+ Kc1 80.Kf7 Qf4+ 81.Kg6 Qd6+ 82.Kf5 Qd8
83.Qc4+ Kb1 84.g8=Q Qd7+ 85.Qge6 Qh7+ 86.Qg6 Qh2  1-0

[Event "Linares zt"]
[Site "Linares"]
[Date "1995.??.??"]
[Round "11"]
[White "Marinelli, Tullio"]
[Black "Prie, Eric"]
[Result "1-0"]
[WhiteElo "2440"]
[BlackElo "2480"]

1.d4 d5 2.c4 c6 3.Nf3 Nf6 4.Nc3 e6 5.e3 Nbd7 6.Bd3 Bd6 7.O-O O-O 8.e4 dxc4
9.Bxc4 e5 10.Bg5 Qe7 11.d5 Nb6 12.Bb3 h6 13.Bh4 cxd5 14.exd5 g5 15.Bg3 Bg4
16.h3 Bh5 17.Re1 Rfe8 18.Qd3 Bg6 19.Qd2 e4 20.Bxd6 Qxd6 21.Nh2 a6 22.Qd4 Nbd7
23.Bc2 Rac8 24.Rad1 b5 25.Bb1 Rc4 26.Qd2 b4 27.Ne2 Re5 28.b3 Rc8 29.Ng3 Rxd5
30.Qe2 a5 31.Rxd5 Qxd5 32.Rd1 Qe6 33.f3 Nc5 34.Kh1 exf3 35.Qxf3 Nce4 36.Bxe4 Nxe4
37.Ng4 Rc3 38.Nxh6+ Kh7 39.Nxe4 Bxe4 40.Qxf7+ Qxf7 41.Nxf7 Rxh3+ 42.Kg1 Rg3
43.Rd2 Bb1 44.Kf2 Rc3 45.Nxg5+ Kg6 46.Nf3 a4 47.bxa4 Ra3 48.Rb2 Rxa2 49.Rxa2 Bxa2
50.Ne5+ Kf5 51.Nd3 Ke4 52.Nxb4 Be6 53.a5 Bc8 54.a6 Ke5 55.Ke3 Kd6 56.a7 Bb7
57.g4 Ba8 58.Kf4 Ke6 59.g5 Bb7 60.Na6  1-0

[Event "Litomysl op"]
[Site "Litomysl"]
[Date "1995.??.??"]
[Round "2"]
[White "Michenka, Jozef"]
[Black "Suran, Jan"]
[Result "1/2-1/2"]
[WhiteElo "2375"]
[BlackElo "2215"]

1.d4 d5 2.c4 c6 3.Nc3 Nf6 4.Nf3 e6 5.e3 Nbd7 6.Bd3 dxc4 7.Bxc4 b5 8.Bd3 Bb7
9.e4 b4 10.Na4 c5 11.e5 Nd5 12.Nxc5 Nxc5 13.dxc5 Bxc5 14.O-O h6 15.Qa4+ Ke7
16.a3 Qb6 17.Bd2 Rhd8 18.Rac1 a5 19.Qb5 Rac8 20.axb4 Qxb5 21.Bxb5 Nxb4 22.Bc3 Na2
23.Ra1 Nxc3 24.bxc3 Bb6 25.c4 Bxf3 26.gxf3 Rd2 27.Kg2 g5 28.Ba6 Ra8 29.Bb7 Ra7
30.Bc6 Bd4 31.Rad1 Rxd1 32.Rxd1 Bxe5 33.Ba4 Rc7 34.Bb5 Bf4 35.Ra1 Bd2 36.Ra2 Bb4
37.Kg3 Kf6 38.f4 Bd6 39.Rxa5 Bxf4+ 40.Kg2 Rc5 41.h3 Rf5 42.Ra3 Kg7 43.Rf3 h5
44.Rc3 Kf6 45.c5 Bd6 46.Bd3 Rxc5 47.Rxc5 Bxc5 48.Be2 Kg6 49.Bd3+ f5 50.f3 Kf6
51.Bb5 Ke7 52.Bc6 h4 53.Bb5 Bd4 54.Bc4 Kd6 55.Bb3 Be3 56.Bc4 Ke5 57.Bb3 Kf6
58.Bc4 e5 59.Bd3  1/2-1/2

[Event "Litomysl op"]
[Site "Litomysl"]
[Date "1995.??.??"]
[Round "7"]
[White "Voloshin, Leonid"]
[Black "Solmajer, Luka"]
[Result "1/2-1/2"]
[WhiteElo "2435"]
[BlackElo "2050"]

1.d4 d5 2.c4 c6 3.Nc3 Nf6 4.e3 e6 5.Nf3 Nbd7 6.Qc2 Bd6 7.b3 O-O 8.Be2 b6
9.O-O Bb7 10.Bb2 Rc8 11.e4 dxe4 12.Nxe4 Be7 13.Rad1 Qc7 14.Nxf6+ Nxf6 15.Ne5 c5
16.dxc5 Bxc5 17.Nd3 Bd6 18.f4 Ne4 19.Be5 b5 20.Bxd6 Qxd6 21.Kh1 bxc4 22.bxc4 Qc6
23.Ne1 Qc5 24.Bd3 f5 25.Rc1  1/2-1/2

[Event "EUCup f"]
[Site "Ljubljana"]
[Date "1995.??.??"]
[Round "1"]
[White "Epishin, Vladimir"]
[Black "Akopian, Vladimir"]
[Result "0-1"]
[WhiteElo "2640"]
[BlackElo "2625"]

1.d4 d5 2.c4 c6 3.Nc3 Nf6 4.e3 e6 5.Nf3 Nbd7 6.Qc2 Bd6 7.Be2 O-O 8.O-O dxc4
9.Bxc4 Qe7 10.a3 e5 11.h3 Bc7 12.Ba2 h6 13.Bd2 a5 14.Nh4 Re8 15.Nf5 Qf8 16.Rae1 Nb6
17.dxe5 Rxe5 18.Nd4 Rc5 19.f4 Nc4 20.Bc1 b5 21.b4 axb4 22.axb4 Rh5 23.Nxc6 Bd7
24.Bxc4 bxc4 25.Nd4 Qxb4 26.e4 Bb6 27.Be3 Ra3 28.Rc1 Ba4 29.Nxa4 Rxe3 30.Qxc4 Qxc4
31.Rxc4 Ba7 32.Rd1 Nxe4 33.Kh2 Nf2 34.Rb1 Nxh3 35.Rb5 Nf2+  0-1

[Event "EUCup f"]
[Site "Ljubljana"]
[Date "1995.??.??"]
[Round "2"]
[White "Epishin, Vladimir"]
[Black "Gelfand, Boris"]
[Result "1/2-1/2"]
[WhiteElo "2640"]
[BlackElo "2685"]

1.d4 d5 2.c4 c6 3.Nc3 Nf6 4.e3 e6 5.Nf3 Nbd7 6.Qc2 Bd6 7.Be2 O-O 8.O-O Re8
9.Rd1 Qe7 10.a3 a5 11.b3 b6 12.Bb2 Bb7 13.Na4 Rec8 14.Ne5 b5 15.Nxd7 Nxd7
16.Nc3 b4 17.axb4 axb4 18.Rxa8 Rxa8 19.Na4 dxc4 20.Qxc4 c5 21.dxc5 Nxc5 22.Nxc5 Bxc5
23.Qg4 f5 24.Qf4 Bd5 25.Bc4 Bd6 26.Qd4 Bc5 27.Qf4 Bd6 28.Qd4 Bc5  1/2-1/2

[Event "Ljubljana op"]
[Site "Ljubljana"]
[Date "1995.??.??"]
[Round "3"]
[White "Kozul, Zdenko"]
[Black "Zheliandinov, Viktor"]
[Result "1/2-1/2"]
[WhiteElo "2580"]
[BlackElo "2350"]

1.d4 d5 2.c4 c6 3.Nc3 Nf6 4.Nf3 e6 5.e3 Nbd7 6.Bd3 dxc4 7.Bxc4 b5 8.Bd3 a6
9.e4 c5 10.d5 c4 11.dxe6 fxe6 12.Bc2 Qc7 13.O-O Bb7 14.Nd4 Nc5 15.Qe2 e5
16.Nd5 Nxd5 17.exd5 Bxd5 18.Bf4 Bd6 19.Nf5 O-O-O 20.Nxd6+ Qxd6 21.Bxe5 Qc6
22.Rfd1 Kb7 23.Qg4 Rhe8 24.Bc3 g6 25.Ba5 Rd7 26.Bb4 Be6 27.Rxd7+ Qxd7 28.Qf3+ Bd5
29.Qg3 Re2 30.Bxc5 Rxc2 31.Re1 Qe6 32.f3 Re2 33.Rxe2 Qxe2 34.h3 Qe6 35.Qf4 c3
36.bxc3 Bxa2 37.Bf2 Bd5 38.Bg3 Qe7 39.Qb8+ Kc6 40.Bf2 Qb7 41.Qf8 a5 42.Qe8+ Kc7
43.Qe5+ Kc6 44.Qe8+ Kc7 45.Qe7+ Kc6 46.Qe8+  1/2-1/2

[Event "Ljubljana op"]
[Site "Ljubljana"]
[Date "1995.??.??"]
[Round "6"]
[White "Brumen, Dinko"]
[Black "Stojnic, Miodrag"]
[Result "1/2-1/2"]
[WhiteElo "2335"]
[BlackElo "2095"]

1.d4 d5 2.c4 c6 3.Nf3 Nf6 4.e3 e6 5.Nc3 Nbd7 6.Qc2 Bd6 7.Be2 O-O 8.O-O Qe7
9.b3 dxc4 10.Bxc4 e5 11.dxe5 Nxe5 12.Nxe5 Bxe5 13.f4 Bc7 14.e4 b5 15.Bd3 Bb6+
16.Kh1 Ng4 17.g3 Qc5 18.Nd1 Rd8 19.Qxc5 Bxc5 20.Be2 Rxd1 21.Bxd1 Nf2+ 22.Rxf2 Bxf2
23.Kg2 Bd4 24.Rb1 c5 25.Bf3 Bb7 26.Bb2 Bxb2 27.Rxb2 Re8 28.e5 Bxf3+ 29.Kxf3 Rd8
30.Rc2 Rd5 31.Ke4 Rd4+ 32.Ke3 Rd5 33.Rd2 Rxd2 34.Kxd2 f5 35.exf6 gxf6 36.g4 f5
37.gxf5 Kf7 38.Kd3 Kf6 39.a4 bxa4 40.bxa4 Kxf5 41.Kc4 Kxf4 42.Kxc5 Kg4 43.a5 h5
44.a6 Kh3 45.Kc6 Kxh2 46.Kb7 Kg1  1/2-1/2

[Event "Ljubljana op"]
[Site "Ljubljana"]
[Date "1995.??.??"]
[Round "7"]
[White "Jeraj, Zlatko"]
[Black "Brumen, Dinko"]
[Result "0-1"]
[WhiteElo "2175"]
[BlackElo "2335"]

1.d4 d5 2.Nf3 Nf6 3.c4 e6 4.Nc3 c6 5.e3 Nbd7 6.Bd3 Bd6 7.O-O O-O 8.e4 dxe4
9.Nxe4 Nxe4 10.Bxe4 h6 11.Bc2 e5 12.Qd3 f5 13.Qb3 c5 14.dxe5 Nxe5 15.Bf4 Qc7
16.Nxe5 Bxe5 17.Bxe5 Qxe5 18.Rad1 Qc7 19.Rfe1 Bd7 20.Re7 Rae8 21.Rde1 Ba4
22.Rxe8 Bxb3 23.Rxf8+ Kxf8 24.axb3 Qf4 25.Rd1 Qe5 26.Rb1 g6 27.Bd3 Qd4 28.Bf1 Qd2
29.g3 Qc2 30.Ra1 a6 31.Ra5 Qxb3 32.Rxc5 Qxb2 33.h3 Qb4 34.Rd5 b6 35.Kg2 Qe7
36.Kg1 a5 37.h4 a4 38.h5 a3 39.Rd2 gxh5 40.Ra2 Qb4  0-1

[Event "PCA/Intel-GP"]
[Site "London"]
[Date "1995.??.??"]
[Round "1"]
[White "Lautier, Joel"]
[Black "Anand, Viswanathan"]
[Result "0-1"]
[WhiteElo "2645"]
[BlackElo "2725"]

1.d4 Nf6 2.c4 c6 3.Nc3 d5 4.e3 e6 5.Nf3 Nbd7 6.Bd3 Bd6 7.O-O O-O 8.e4 dxc4
9.Bxc4 e5 10.Bg5 Qe7 11.Re1 exd4 12.Nxd4 Ne5 13.Bf1 Bc5 14.Na4 Bg4 15.Qd2 Bb4
16.Nc3 Rad8 17.Be3 c5 18.Nf5 Bxf5 19.Qc2 Bg6  0-1

[Event "POL-chT"]
[Site "Lubniewice"]
[Date "1995.??.??"]
[Round "1"]
[White "Kempinski, Robert"]
[Black "Ivanov, Sergey"]
[Result "1-0"]
[WhiteElo "2435"]
[BlackElo "2545"]

1.d4 d5 2.Nf3 Nf6 3.c4 e6 4.Nc3 c6 5.e3 Nbd7 6.Qc2 Bd6 7.g4 Nxg4 8.Rg1 Qf6
9.Rxg4 Qxf3 10.Rg1 Qf6 11.Bd2 Bxh2 12.Rg2 Bd6 13.O-O-O O-O 14.e4 Bf4 15.Kb1 Qh6
16.Bxf4 Qxf4 17.e5 f5 18.cxd5 cxd5 19.Bd3 a6 20.Ne2 Qh4 21.Qc1 Rf7 22.Rh1 Qe7
23.Qh6 Nf8 24.Nf4 Bd7 25.a3 Bb5 26.Bxb5 axb5 27.Ng6 Qc7 28.Nxf8 Kxf8 29.Qxh7 Rc8
30.Rhg1 Qc2+ 31.Ka1 f4 32.Qh4 Kg8 33.Qh6 Qh7 34.Qxe6 Rd8 35.Rxg7+ Qxg7 36.Rxg7+ Kxg7
37.Qg4+ Kf8 38.Qh4 Re8 39.Qh6+ Kg8 40.Qg6+ Kf8 41.Qd6+ Kg7 42.Qxd5  1-0

[Event "POL-chT"]
[Site "Lubniewice"]
[Date "1995.??.??"]
[Round "3"]
[White "Schmidt, Wlodzimierz"]
[Black "Murdzia, Piotr"]
[Result "1/2-1/2"]
[WhiteElo "2450"]
[BlackElo "2425"]

1.c4 e6 2.Nc3 d5 3.d4 c6 4.e3 Nf6 5.Nf3 Nbd7 6.Qc2 Bd6 7.Be2 O-O 8.O-O Re8
9.Rd1 Qe7 10.b3 b6 11.e4 dxe4 12.Nxe4 Nxe4 13.Qxe4 Bb7 14.Bf4 Nf6 15.Qe3 Bxf4
16.Qxf4 c5 17.Ne5 Rad8 18.dxc5 bxc5 19.Bf3 Bxf3 20.Qxf3 Qc7 21.Qe2 Rxd1+
22.Rxd1 Rd8 23.g3 h6 24.Rxd8+ Qxd8 25.Qe3 Qa5 26.Kg2 Qc7 27.Qf4 Qa5 28.Qf3 Qc7
29.Qe3 Kf8 30.g4 Ke8 31.h4 Nd7 32.Nxd7 Kxd7 33.g5  1/2-1/2

[Event "POL-chT"]
[Site "Lubniewice"]
[Date "1995.??.??"]
[Round "4"]
[White "Twardon, Marian"]
[Black "Mazul, Waldemar"]
[Result "1/2-1/2"]
[WhiteElo "2355"]
[BlackElo "2335"]

1.d4 Nf6 2.c4 e6 3.Nf3 d5 4.Nc3 c6 5.e3 Nbd7 6.Qc2 Bd6 7.Be2 O-O 8.O-O dxc4
9.Bxc4 e5 10.h3 Qe7 11.b3 Kh8 12.Bb2 h6 13.Rae1 e4 14.Nd2 Re8 15.f3 exf3
16.Rxf3 Nb6 17.e4 Nxc4 18.Nxc4 Bb4 19.a3 Bxc3 20.Bxc3 Be6 21.Ne3 Bd7 22.Nf5 Bxf5
23.Rxf5 Kg8 24.Kh1 Nd7 25.d5 cxd5 26.Rxd5 Nf8 27.b4 Rac8 28.Qd2  1/2-1/2

[Event "POL-chT"]
[Site "Lubniewice"]
[Date "1995.??.??"]
[Round "6"]
[White "Murdzia, Piotr"]
[Black "Kuczynski, Robert"]
[Result "0-1"]
[WhiteElo "2425"]
[BlackElo "2480"]

1.d4 d5 2.c4 c6 3.Nc3 Nf6 4.e3 e6 5.Nf3 Nbd7 6.Bd3 dxc4 7.Bxc4 b5 8.Bd3 a6
9.e4 c5 10.e5 cxd4 11.Nxb5 axb5 12.exf6 gxf6 13.Nxd4 Qb6 14.Be3 Bb4+ 15.Kf1 Bc5
16.Bxb5 e5 17.Bxd7+ Bxd7 18.Nc2 Rd8 19.Kg1 Bf5 20.Qc1 Rc8 21.b3 Qb7 22.Ne1 Bb4
23.Qd1 Bxe1 24.Qxe1 Rg8 25.f3 Rc2 26.Qf1 Bd3 27.Rc1 Bxf1 28.Rxc2 Qxf3 29.Rc8+ Kd7
30.Rxg8 Qxe3+ 31.Kxf1 Qc1+ 32.Kf2 Qxh1 33.a4 Qxh2 34.Rg4 f5 35.Rc4 f4  0-1

[Event "POL-chT"]
[Site "Lubniewice"]
[Date "1995.??.??"]
[Round "10"]
[White "Weglarz, Leszek"]
[Black "Socko, Bartosz"]
[Result "1/2-1/2"]
[WhiteElo "2300"]
[BlackElo "2485"]

1.Nf3 d5 2.d4 Nf6 3.c4 e6 4.Nc3 c6 5.e3 Nbd7 6.Be2 Bd6 7.O-O O-O 8.Qc2 Re8
9.Rd1 Qe7 10.Nd2 c5 11.dxc5 Nxc5 12.b3 b6 13.cxd5 Nxd5 14.Nxd5 exd5 15.Bb2 Bb7
16.Qf5 Rac8 17.Bb5 Red8 18.Rac1 a6 19.Bf1 Qe6 20.Qh5 f6 21.Nf3 Ne4 22.Nd4 Qf7
23.Qxf7+ Kxf7 24.g3 Rxc1 25.Rxc1 Rc8 26.Rxc8 Bxc8 27.f3 Nc5 28.Kf2 g6 29.Bc3 h5
30.Nc2 Bb7 31.Bd4 Bc7 32.Nb4 a5 33.Nc2 Ne6 34.Be2 Bc6 35.f4 Nc5 36.f5 Bd7
37.fxg6+ Kxg6 38.Na3 Bf5 39.Nb5 Be5 40.Nc3 Be4 41.Bxc5 bxc5 42.Nxe4 dxe4  1/2-1/2

[Event "Lyon op"]
[Site "Lyon"]
[Date "1995.??.??"]
[Round "7"]
[White "Velikov, Petar"]
[Black "Korneev, Oleg"]
[Result "0-1"]
[WhiteElo "2450"]
[BlackElo "2540"]

1.Nf3 d5 2.c4 e6 3.d4 Nf6 4.Nc3 c6 5.e3 Nbd7 6.Qc2 Bd6 7.Be2 O-O 8.Bd2 dxc4
9.Bxc4 e5 10.O-O Qe7 11.h3 b5 12.Bb3 b4 13.Na4 e4 14.Nh2 Ba6 15.Bc4 Bxc4
16.Qxc4 Rac8 17.Rfc1 Nd5 18.Qa6 N7b6 19.Nc5 f5 20.Rc2 Rf6 21.a3 bxa3 22.bxa3 Rg6
23.Qf1 Rf8 24.Re1 h5 25.Kh1 h4 26.a4 Nf6 27.Na6 Nbd5 28.Rxc6 Bxh2 29.Qc4 Bd6
30.Rxd6 Qxd6 31.Bb4 Qd8 32.Bxf8 Qxf8 33.Rb1 Kh7 34.Nc5 Qd6 35.Nb7 Qe7 36.Qc6 Nc7
37.Nd6 Nfd5 38.Nxf5  0-1

[Event "Lyon op"]
[Site "Lyon"]
[Date "1995.??.??"]
[Round "9"]
[White "Velikov, Petar"]
[Black "Bex, Pierre Alain"]
[Result "1-0"]
[WhiteElo "2450"]
[BlackElo "2190"]

1.Nf3 Nf6 2.c4 c6 3.d4 d5 4.Nc3 e6 5.e3 Nbd7 6.Qc2 Bd6 7.Be2 Qe7 8.O-O O-O
9.a3 a6 10.Rd1 dxc4 11.Bxc4 b5 12.Ba2 Bb7 13.e4 e5 14.Bg5 exd4 15.Nxd4 Bxh2+
16.Kxh2 Ng4+ 17.Kg3 Qxg5 18.Nf3 Qg6 19.Nh4 Qg5 20.f4 Ne3+ 21.fxg5 Nxc2 22.Rac1  1-0

[Event "Madras zt (Women)"]
[Site "Madras"]
[Date "1995.??.??"]
[Round "7"]
[White "Mohota, Nisha"]
[Black "Vijayalakshmi, S."]
[Result "1-0"]
[WhiteElo "2000"]
[BlackElo "2000"]

1.d4 d5 2.c4 c6 3.Nf3 Nf6 4.Nc3 e6 5.e3 Nbd7 6.Bd3 Bd6 7.e4 dxe4 8.Nxe4 Nxe4
9.Bxe4 O-O 10.O-O h6 11.Bc2 e5 12.Re1 exd4 13.Qxd4 Bc5 14.Qf4 Nf6 15.h3 Be6
16.b3 Bd6 17.Qh4 Nh7 18.Qe4 Nf6 19.Qh4 Re8 20.Bb2 Nh7 21.Qe4 Nf6 22.Qh4 Nd7
23.Qe4 Nf6 24.Qh4 Be7 25.Qf4 Nh5 26.Qe4 g6 27.g4 Bf6 28.Ne5 Ng7 29.Qf3 Bh4
30.Nd3 h5 31.Nf4 hxg4 32.Qc3 f6 33.Nxg6 Nf5 34.Bxf5 Bxf2+ 35.Kxf2 Bxf5 36.Nh4 Qd6
37.Kg1 gxh3 38.Nxf5 Qc5+ 39.Ne3 Qg5+ 40.Kh1 Rxe3 41.Rg1 Rxc3 42.Bxc3 Kh7
43.Rxg5 fxg5 44.Rg1 Rg8 45.Rg4 Kh6 46.Kh2 Kh5 47.Kxh3 Rd8 48.Rg3 Rd6 49.Re3 b5
50.c5 Rd7 51.Kg2 Kg4 52.Be1 Rd1 53.Bf2 Rd8 54.Re6 Rc8 55.Rf6 a5 56.Be1 b4
57.Bg3 Rd8 58.Be1 Rc8 59.Bd2 Rd8 60.Rd6 Rc8 61.Rg6 Kf5 62.Rxg5+ Ke4 63.Be1 Kd4
64.Bf2+ Kc3 65.Re5 Kb2 66.Re2+ Kb1 67.Rd2 Ra8 68.Kf3 a4 69.bxa4 Rxa4 70.Bd4 Rxa2
71.Rxa2 Kxa2 72.Ke3 Ka3 73.Ke4 Kb3 74.Kd3 Ka4 75.Kc4 Ka3 76.Bb2+ Ka4 77.Bc1 Ka5
78.Be3 Ka4 79.Bd2 b3 80.Bc1 Ka5 81.Kxb3 Kb5 82.Be3  1-0

[Event "Mainz op"]
[Site "Mainz"]
[Date "1995.??.??"]
[Round "4"]
[White "Sakaev, Konstantin"]
[Black "Ruzele, Darius"]
[Result "1/2-1/2"]
[WhiteElo "2535"]
[BlackElo "2500"]

1.d4 d5 2.Nf3 e6 3.c4 c6 4.Nc3 Nf6 5.e3 Nbd7 6.Bd3 dxc4 7.Bxc4 b5 8.Bd3 a6
9.e4 c5 10.e5 cxd4 11.Nxb5 axb5 12.exf6 gxf6 13.O-O Qb6 14.Be4 Bb7 15.Bxb7 Qxb7
16.Nxd4 Rg8 17.f3 Ne5 18.Be3  1/2-1/2

[Event "CRO-chT"]
[Site "Makarska Tucepi"]
[Date "1995.??.??"]
[Round "?"]
[White "Misanovic, Vesna"]
[Black "Svaljek, Radmila"]
[Result "1-0"]
[WhiteElo "2360"]
[BlackElo "2120"]

1.d4 d5 2.c4 c6 3.Nc3 Nf6 4.e3 e6 5.Nf3 Nbd7 6.Qc2 Be7 7.Be2 O-O 8.O-O dxc4
9.Bxc4 Nb6 10.Be2 Nbd5 11.Rd1 Qc7 12.Na4 Nb4 13.Qb3 b6 14.Bd2 Ba6 15.Bxa6 Nxa6
16.Rac1 Rac8 17.Qd3 Qb7 18.e4 c5 19.e5 Ne4 20.Be1 cxd4 21.Rxc8 Rxc8 22.Qxd4 h6
23.Qd7 Qxd7 24.Rxd7 Rc7 25.Rxc7 Nxc7 26.b4 b5 27.Nb2 Nd5 28.a3 Bd8 29.Nd4 Nec3
30.Kf1 Bb6 31.Nc2 Ne4 32.a4 bxa4 33.Nxa4 Bc7 34.f3 Ng5 35.h4 Nh7 36.Bf2 a6
37.Bd4 Nf8 38.Nc5 a5 39.b5 Bb6 40.Na4 Bxd4 41.Nxd4 Nd7 42.Nc6 Ne3+ 43.Kf2 Nc4
44.f4 f6 45.exf6 gxf6 46.Ke2 Kf7 47.Kd3 Nd6 48.b6 Nb7 49.Kc4 Nd6+ 50.Kd4 Nb7
51.h5 Ke8 52.f5 Kf7 53.g3 e5+ 54.Kd5 Kg7 55.Na7 Nb8 56.Nb5 Nd8 57.Nc5 Nbc6
58.b7 Ne7+ 59.Ke4 Nec6 60.Ne6+ Nxe6 61.fxe6 a4 62.Kd5 Nb8 63.Kd6  1-0

[Event "Manresa op"]
[Site "Manresa"]
[Date "1995.??.??"]
[Round "7"]
[White "Vidarte Morales, Arturo"]
[Black "Korneev, Oleg"]
[Result "0-1"]
[WhiteElo "2355"]
[BlackElo "2605"]

1.d4 d5 2.c4 e6 3.Nf3 Nf6 4.Nc3 c6 5.e3 Nbd7 6.Qc2 Bd6 7.Be2 O-O 8.O-O b6
9.b3 Bb7 10.Bb2 Qe7 11.Rfd1 Rad8 12.e4 Nxe4 13.Nxe4 dxe4 14.Qxe4 Nf6 15.Qe3 c5
16.Ne5 Qc7 17.h3 Ne4 18.Bd3 cxd4 19.Bxd4 Bxe5 20.Bxe4 Bxd4 21.Rxd4 Rxd4 22.Qxd4 Rd8
23.Qe3 Bxe4 24.Qxe4 g6 25.Qe2 Qd6 26.Rc1 h5 27.Qc2 Qa3 28.h4 Rd4 29.g3 e5
30.Re1 Qd6 31.Qc3 e4 32.b4 Rd3 33.c5 Qxg3+ 34.fxg3 Rxc3 35.Rxe4 bxc5 36.bxc5 Rxc5
37.a4 Rc3 38.Kg2 Ra3 39.Rc4 Kg7 40.Rf4 a5 41.Rc4 Kf6 42.Re4 Kf5 43.Rc4 Ke6
44.g4 hxg4 45.Rxg4 Re3 46.Kf2 Rb3 47.Rg5 Rb4 48.h5 Rf4+ 49.Kg3 Rf5 50.Rxf5 Kxf5
51.h6 Kf6 52.Kg4 g5 53.h7 Kg7 54.Kxg5 Kxh7 55.Kf6 Kg8 56.Kf5 Kg7 57.Kg5 f6+
58.Kf5 Kf7 59.Kf4 Ke6 60.Ke4 Kd6 61.Kd4 f5 62.Kc4 Ke5 63.Kd3 Kf4  0-1

[Event "Mar del Plata op"]
[Site "Mar del Plata"]
[Date "1995.??.??"]
[Round "5"]
[White "Quiroga, Facundo"]
[Black "Spangenberg, Hugo"]
[Result "0-1"]
[WhiteElo "2440"]
[BlackElo "2500"]

1.d4 d5 2.c4 c6 3.Nf3 Nf6 4.Nc3 e6 5.e3 Nbd7 6.Bd3 dxc4 7.Bxc4 b5 8.Bd3 a6
9.e4 c5 10.d5 c4 11.dxe6 fxe6 12.Bc2 Qc7 13.Qe2 Bd6 14.h3 O-O 15.O-O Bb7
16.Ng5 Nc5 17.f4 e5 18.f5 h6 19.h4 hxg5 20.hxg5 b4 21.gxf6 bxc3 22.fxg7 Qxg7
23.Qxc4+ Rf7 24.Rd1 Nxe4 25.Bxe4 Bc5+ 26.Qxc5 Bxe4 27.Qf2 Rxf5 28.Qe2 Bf3
29.Qc2 Qa7+ 30.Kh2 Rh5+  0-1

[Event "Capablanca mem (Women)"]
[Site "Matanzas"]
[Date "1995.??.??"]
[Round "?"]
[White "Perez, Yosvanny"]
[Black "Subit, Jose L"]
[Result "1/2-1/2"]
[WhiteElo "2360"]
[BlackElo "2360"]

1.d4 d5 2.c4 c6 3.Nc3 Nf6 4.e3 e6 5.Nf3 Nbd7 6.Bd3 Be7 7.O-O O-O 8.e4 Nxe4
9.Nxe4 dxe4 10.Bxe4 c5 11.Be3 Nf6 12.Bc2 b6 13.dxc5 bxc5 14.Ne5 Bb7 15.Qe2 Qc7
16.Bd2 Rfe8 17.Rad1 Rad8 18.Bc3 Bd6 19.Rfe1 Ba8 20.Qe3 Bf8 21.Rxd8 Qxd8 22.Ba4 Re7
23.Qxc5 Ne4 24.Qd4 Qxd4 25.Bxd4 Rc7 26.Bc2 Nd6 27.b3 f6 28.Nf3 e5 29.Be3 Nb5
30.Rd1 Nc3 31.Rd8 Bb7 32.a4 Kf7 33.h3 Bb4 34.Kh2 g6 35.Bd2 a5 36.Ne1 e4 37.Bf4 Re7
38.Bd6 Bxd6+ 39.Rxd6 Bc8 40.Rc6 Bf5 41.Kg1 Ne2+ 42.Kf1 Nd4 43.Ra6 Rb7 44.Bd1 Nxb3
45.Bxb3 Rxb3 46.Ra7+ Kg8 47.Rxa5 Be6 48.Rc5 Rb4 49.a5 Bxc4+ 50.Kg1 Ra4 51.Nc2 Bf7
52.g4 Bc4 53.Kg2 Be2 54.Kg3 g5 55.h4 h6 56.h5 Bf3 57.Rd5 Kf7 58.Nd4 Ra3 59.Nxf3 Rxf3+
60.Kg2 Ra3 61.Rd4 Rxa5 62.Rxe4 f5 63.gxf5 Rxf5 64.Kg3  1/2-1/2

[Event "Capablanca mem"]
[Site "Matanzas"]
[Date "1995.??.??"]
[Round "4"]
[White "Cifuentes Parada, Roberto"]
[Black "Nogueiras, Jesus"]
[Result "1/2-1/2"]
[WhiteElo "2535"]
[BlackElo "2550"]

1.d4 e6 2.Nf3 d5 3.c4 Nf6 4.Nc3 c6 5.e3 Nbd7 6.Qc2 Bd6 7.g4 h6 8.Bd2 Qe7
9.Rg1 b6 10.h4 Bb4 11.cxd5 cxd5 12.a3 Bxc3 13.Bxc3 a5 14.Nd2 g5 15.hxg5 hxg5
16.O-O-O Bb7 17.Kb1 Qd6 18.Bd3 Qc6 19.a4 Ba6 20.Bxa6 Rxa6 21.f4 Rg8 22.f5 Ra8
23.fxe6 fxe6 24.e4 dxe4 25.Rge1 e3 26.Rxe3 Nd5 27.Re2 Kd8 28.Ne4 Rc8 29.Rde1 Kc7
30.Qb3 Kb8 31.Bxa5 Qc4 32.Qxc4 Rxc4 33.Bc3 Rxa4 34.Kc2 b5 35.Kb3 Nf4 36.Rd2 Ra7
37.Nc5 Nb6 38.Nxe6 Re8 39.d5 Nfxd5 40.Be5+ Ka8 41.Bd6 Ra4 42.Bc5 Kb8 43.Bxb6 Nxb6
44.Re5 Ka7  1/2-1/2

[Event "Capablanca mem"]
[Site "Matanzas"]
[Date "1995.??.??"]
[Round "4"]
[White "Blanco Fernandez, Alvaro"]
[Black "Hoffman, Alejandro"]
[Result "1/2-1/2"]
[WhiteElo "2455"]
[BlackElo "2515"]

1.c4 e6 2.d4 Nf6 3.Nf3 d5 4.Nc3 c6 5.e3 Nbd7 6.Qc2 Bd6 7.Bd3 O-O 8.O-O e5
9.cxd5 cxd5 10.e4 dxe4 11.Nxe4 Nxe4 12.Bxe4 h6 13.Be3 exd4 14.Bxd4 Nf6 15.Bf5 Qa5
16.Bxc8 Rfxc8 17.Qb3 Qd5 18.Qxd5 Nxd5 19.Rad1 Rd8 20.g3 Nb4  1/2-1/2

[Event "Minsk"]
[Site "Minsk"]
[Date "1995.??.??"]
[Round "13"]
[White "Tunik, Gennady"]
[Black "Drogoon, A."]
[Result "1/2-1/2"]
[WhiteElo "2530"]
[BlackElo "2340"]

1.d4 d5 2.c4 c6 3.Nc3 Nf6 4.Nf3 e6 5.e3 Nbd7 6.Bd3 dxc4 7.Bxc4 b5 8.Be2 Bb7
9.O-O a6 10.e4 c5 11.e5 Nd5 12.a4 b4 13.Ne4 Be7 14.Bg5 O-O 15.Bxe7 Nxe7 16.Nxc5 Nxc5
17.dxc5 Rc8 18.Rc1 Qa5 19.Qc2 Rc7 20.Ng5 Ng6 21.Bd3 Rfc8 22.Bxg6 hxg6 23.Qd2 Rxc5
24.Rxc5 Qxc5 25.Qf4 Rc7 26.Rd1 Bd5 27.Qh4 Qc2 28.Rf1 Qf5 29.Qh7+ Kf8 30.Qh8+ Ke7
31.Qb8 Rc4 32.Qa7+ Ke8 33.f4 Rc2 34.Qb8+ Kd7 35.Qd6+ Ke8 36.Qb8+ Kd7  1/2-1/2